[Event "Buenos Aires Philidor CC op"]
[Site "Buenos Aires"]
[Date "2017.11.16"]
[Round "4"]
[White "Serratto, Ricardo Adolfo"]
[Black "Leonoff, Leonardo"]
[Result "1-0"]
[WhiteElo "1653"]
[BlackElo "2001"]
[PlyCount "67"]
[EventDate "2017.11.07"]
[EventType "swiss"]
[EventRounds "7"]
[EventCountry "ARG"]
[SourceTitle "CBM 181 Extra"]
[Source "ChessBase"]
[SourceDate "2017.12.12"]
[SourceVersion "1"]
[SourceVersionDate "2017.12.12"]
[SourceQuality "1"]

1. e4 c5 2. Nf3 e6 3. d4 cxd4 4. Nxd4 a6 5. a3 Qc7 6. Nc3 Nf6 7. Bd3 b5 8. Bg5 Bc5 9. Nb3 Be7 10. 0-0 h5 11. Bh4 g5 12. Bg3 e5 13. Nd4 d6 14. Ndxb5 axb5 15. Bxb5+ Bd7 16. Nd5 Nxd5 17. Qxd5 Bxb5 18. Qxa8 Bxf1 19. f3 Bc4 20. b3 Be6 21. Bf2 0-0 22. Qa4 Qxc2 23. Qa7 Nd7 24. b4 f5 25. exf5 Bxf5 26. Qe3 Bd8 27. a4 Qxf2+ 28. Kxf2 Bb6 29. a5 Bxe3+ 30. Kxe3 Rb8 31. a6 Rxb4 32. a7 Nb6 33. Ra6 Ra4 34. Rxa4 1-0

[Event "Buenos Aires Duchamp Boca op 3rd"]
[Site "Buenos Aires"]
[Date "2013.06.26"]
[Round "6"]
[White "Rodriguez Vila, Andres"]
[Black "Leonoff, Leonardo"]
[Result "1-0"]
[WhiteElo "2467"]
[BlackElo "1935"]
[PlyCount "41"]
[EventDate "2013.06.20"]
[EventType "swiss"]
[EventRounds "9"]
[EventCountry "ARG"]
[SourceTitle "CBM 155 Extra"]
[Source "ChessBase"]
[SourceDate "2013.08.26"]
[SourceVersion "1"]
[SourceVersionDate "2013.08.26"]
[SourceQuality "1"]

1. e4 e6 2. d4 d5 3. e5 c5 4. c3 Nc6 5. Nf3 cxd4 6. cxd4 Nge7 7. Nc3 h5 8. Bg5 a6 9. Bd3 Bd7 10. 0-0 b5 11. Bxb5 Nxe5 12. Nxe5 axb5 13. Qd3 Qb6 14. Nxd7 Kxd7 15. Nxb5 Nc6 16. a4 Bb4 17. Qb3 f6 18. Bf4 Rac8 19. Rac1 Be7 20. Rce1 g5 21. Rxe6 1-0

[Event "Buenos Aires Duchamp Boca op 3rd"]
[Site "Buenos Aires"]
[Date "2013.06.23"]
[Round "3"]
[White "Abarca Gonzalez, Nicolas"]
[Black "Leonoff, Leonardo"]
[Result "1-0"]
[WhiteElo "2265"]
[BlackElo "1935"]
[PlyCount "72"]
[EventDate "2013.06.20"]
[EventType "swiss"]
[EventRounds "9"]
[EventCountry "ARG"]
[SourceTitle "CBM 155 Extra"]
[Source "ChessBase"]
[SourceDate "2013.08.26"]
[SourceVersion "1"]
[SourceVersionDate "2013.08.26"]
[SourceQuality "1"]

1. e4 e6 2. Qe2 c5 3. Nf3 Nc6 4. g3 Nf6 5. Bg2 d5 6. d3 Be7 7. 0-0 b6 8. e5 Nd7 9. h4 Bb7 10. c3 Qc7 11. Bf4 h6 12. d4 0-0-0 13. Na3 a6 14. h5 Rdg8 15. c4 Nb4 16. dxc5 bxc5 17. cxd5 Nxd5 18. Bd2 N7b6 19. Ba5 Qc6 20. b3 g5 21. Qe4 Kb8 22. Rac1 Nd7 23. Rfe1 Ba8 24. Nd2 Nb4 25. Qxb4+ cxb4 26. Bxc6 Bxc6 27. Rxc6 bxa3 28. Nc4 Rc8 29. Rxc8+ Rxc8 30. Rd1 Nf8 31. Kg2 f5 32. exf6 Bxf6 33. Nxa3 Be7 34. Nc4 Rc6 35. Bc3 Kc8 36. Bg7 Nd7 1-0